Az ismeretek tartósságának feltételei

Elmentve itt :
Bibliográfiai részletek
Szerző: Krammer József
Dokumentumtípus: Cikk
Megjelent: 1911
Sorozat:Magyar pedagógia : a Magyar Tudományos Akadémia Pedagógiai Bizottságának folyóirata 20
Kulcsszavak:Tanulás módszer, Tanulás
Online Access:http://misc.bibl.u-szeged.hu/8848
LEADER 00663nab a2200181 i 4500
001 misc8848
005 20191106143740.0
008 170607s1911 hu o 0|| hun d
022 |a 0025-0260 
040 |a SZTE Miscellanea Repozitórium  |b hun 
041 |a hun 
100 1 |a Krammer József 
245 1 3 |a Az ismeretek tartósságának feltételei  |h [elektronikus dokumentum] /  |c  Krammer József 
260 |c 1911 
300 |a 465-478 
490 0 |a Magyar pedagógia : a Magyar Tudományos Akadémia Pedagógiai Bizottságának folyóirata  |v 20 
695 |a Tanulás módszer, Tanulás 
856 4 0 |u http://misc.bibl.u-szeged.hu/8848/1/mp_1911_1671_465-478.pdf  |z Dokumentum-elérés